000 00445nam a2200121Ia 4500
008 220615s9999||||xx |||||||||||||| ||und||
100 _aZoran Stevic
245 0 _aSupercapacitor Design and Applications
546 _aEnglish[eng]
650 _aEngineering||Physical Sciences||Engineering and Technology||Energy Engineering||Sustainability Science
856 _uhttps://www.intechopen.com/books/supercapacitor-design-and-applications
942 _cEB
999 _c8862
_d8862